Catalog

Record Details

Catalog Search



Available copies

  • 1 of 1 copy available at LARL/NWRL Consortium.

Current holds

0 current holds with 1 total copy.

Show All Copies
Location Call Number / Copy Notes Barcode Shelving Location Status Due Date
Godel Memorial-Warren Library j pb (Text) 35500002524526 Main Available -

Record details

  • ISBN: 0590456539 :
  • Physical Description: 102 p. : ill. ; 20 cm.
  • Publisher: New York : Scholastic Inc., 1993.

Content descriptions

General Note:
"A little apple paperback."
Subject: Bands (Music) > Fiction.
LDR 00900cam a2200229Ka 4500
00111805
003LARL_NWRL_CONSORTIUM
00519930329175704.0
008930324s1993 nyua j 000 1 eng d
020 . ‡a0590456539 : ‡c$2.95 ($3.95 Can.)
035 . ‡a(OCoLC)27788046
092 . ‡aJ ‡bFICTION
1001 . ‡aMartin, Ann M., ‡d1955- ‡0(LARL_NWRL_CONSORTIUM)77299
24510. ‡aKaren's tuba ‡n#37 / ‡cAnn M. Martin ; illustrations by Susan Tang.
260 . ‡aNew York : ‡bScholastic Inc., ‡c1993.
300 . ‡a102 p. : ‡bill. ; ‡c20 cm.
4900 . ‡aBaby-sitters little sister ; ‡v37
500 . ‡a"A little apple paperback."
650 0. ‡aBands (Music) ‡vFiction. ‡0(LARL_NWRL_CONSORTIUM)170890
901 . ‡a11805 ‡bOCLC ‡c11805 ‡tbiblio

Additional Resources